| 000 | 00916nam a2200253Ia 4500 | ||
|---|---|---|---|
| 003 | GCL | ||
| 008 | 140319s9999 xx 000 0 ara d | ||
| 040 |
_aGCL / _cGCL |
||
| 082 | 0 | 4 |
_a235.1 _bا ب |
| 100 | 1 | _aاحمد محمد شاكر | |
| 245 | 1 | 0 |
_aصحيح البخارى / _cاحمد محمد شاكر |
| 700 | 1 | _aالبخارى : ابوعبدالله محمد بن اسماعيل بن ابراهيم بن المغيرة بن بردزيه | |
| 300 | _aمتعدد | ||
| 490 |
_aالهيئة العامة للاستعلامات _v0 |
||
| 650 | 0 | 4 | _aالحديث |
| 650 | 0 | 4 | _aالحديث - تفسير |
| 650 | 0 | 4 | _aالحديث، علوم |
| 650 | 0 | 4 | _aالحديث - صحيح بخارى |
| 650 | 0 | 4 | _aالحديث - اسناد |
| 650 | 0 | 4 | _aالحديث - جمع وتدوين |
| 650 | 0 | 4 | _aالحديث - الكتب الستة |
| 650 | 0 | 4 | _aالحديث - كتب الصحيح |
| 942 |
_2ddc _cBK |
||
| 999 |
_c48196 _d48196 |
||